| 000 | 00862nam a22002297a 4500 | ||
|---|---|---|---|
| 999 |
_c1391 _d1391 |
||
| 003 | AR-CdUCM | ||
| 008 | 190226b ||||| |||| 00| 0 spa d | ||
| 040 |
_aMUNICIPALIDAD PROVINCIAL DEL CUSCO _cBIBLIOTECA MUNICIPAL DEL CUSCO |
||
| 082 |
_a348.6 / _bK83 |
||
| 100 |
_aKrotoschin, Ernesto _95296 |
||
| 245 | _aTendencias actuales en el derecho del trabajo / | ||
| 260 |
_aBuenos aires : _bEdiciones Jurídicas Europa-América, _c1959. |
||
| 300 |
_a214 páginas ; _c14.8 cm. |
||
| 505 | _aContenido: Evolución de los conceptos fundamentales -- Derecho individual del trabajo -- Derecho colectivo del trabajo ... | ||
| 650 |
_aDerecho Laboral _95297 |
||
| 650 |
_aDerecho del trabajo _95298 |
||
| 650 |
_aDerecho social _95299 |
||
| 650 |
_aRelación de trabajo _95300 |
||
| 650 |
_aAsociaciones _92848 |
||
| 942 |
_2ddc _cLIBROS |
||
| 945 |
_alccs _d2019-02-26 |
||